| 000 | 00735nam a2200217 u 4500 | ||
|---|---|---|---|
| 005 | 20210223131042.0 | ||
| 008 | 090803s2007 r 000 0 eng d | ||
| 020 | _a9789871305223 | ||
| 035 | _aUPN01000171677 | ||
| 049 | _aCG | ||
| 050 | 4 |
_aZ738 _bF4.3 |
|
| 100 | 1 | _aFerreira Dos Santos, Vanda | |
| 245 | 1 | 0 |
_aBiblioteca pública y desarrollo económico / _cVanda Ferreira Dos Santos. |
| 260 |
_aBuenos Aires : _bAlfagrama, _cc2007. |
||
| 300 | _a187 p. : | ||
| 440 | 0 | _aBiblioteca Alfagrama | |
| 650 | 4 |
_aBIBLIOTECAS PUBLICAS - _zAMERICA LATINA _918784 |
|
| 650 | 4 |
_aBIBLIOTECAS PUBLICAS - _xTECNOLOGIA DE LA INFORMACION - _zAMERICA LATINA _918787 |
|
| 650 | 4 |
_aBIBLIOTECAS Y COMUNIDAD - _zAMERICA LATINA _918814 |
|
| 905 | _aLibro | ||
| 999 |
_c143782 _d143782 |
||